| 000 | 02440nam a2200313 4500 | ||
|---|---|---|---|
| 001 | 0000100123 | ||
| 005 | 20250329165434.0 | ||
| 008 | 190730s2019 000 0 eng d | ||
| 040 |
_aCO-CtgCURN _bspa _ccoctgcurn |
||
| 041 | 0 | _aspa | |
| 082 | 0 |
_aENF 2019 _bC113 |
|
| 100 | 1 | _aCabas Ortiz, Aurora. | |
| 245 | 1 | 0 |
_aAdaptacion del modelo de cuidado transicional a pacientes diagnosticados con transtornos mental y del comportamiento secundario al abuso de sustancias psicoactivas en una clinica de salud mental cartagena 2019. / _cAurora Cabas Ortiz ; Albert Hoyos Ceballos ; Pedro Macea Villadiego ; Ricardo Lopez Ortiz ; Asesor: Sandra Lorena Vallejo Arias. |
| 260 |
_aCartagena de Indias : _bCorporación Universitaria Rafael Núñez, _c2019. |
||
| 300 | _a163 Hojas. | ||
| 336 |
_2rdacontent _atext _btxt |
||
| 337 |
_2rdacarrier _asin mediacion _bn |
||
| 338 |
_2rdacarrier _avolumen _bnc |
||
| 502 | _aTrabajo de grado (Enfermeria). Corporacion Universitaria Rafael Nuñez. Facultad de Ciencias de la salud. Enfermeria, 2019. | ||
| 520 | _aEl cuidado transicional constituye un elemento critico dentro de la atencion medica tradicional, los servicios enfocados a la comunidad y los servicios no tradicionales de salud, que el equipo de atencion medica proporciona a pacientes y cuidadores con el fin de promover resultados de salud positivos durante periodos de enfermedades agudas, que se extienden del hospital al lugar de residencia habitual. A traves del modelo de cuidado transicional se hace hincapie en la identificacion de los objetivos de salud de los pacientes, conjuntamente con el diseño y la implementación de un plan de atencion racionalizado, y la continuidad de la atencion en los entornos y entre los proveedores, durante los episodios de enfermedades agudas por lo que se quiso implementar este cuidado a pacientes diagnosticados con trastornos por abuso de sustancia psicoactivas (SPA. | ||
| 650 | 0 |
_aEnfermeria _vTesis y disertaciones academicas. |
|
| 700 | 1 | _aHoyos Ceballos, Albert L. | |
| 700 | 1 | _aLopez Ortiz, Ricardo. | |
| 700 | 1 | _aMacea Villadiego, Pedro. | |
| 700 | 1 |
_aVallejo Arias, Sandra Lorena, _eAsesor. |
|
| 856 |
_uhttps://unicurn.sharepoint.com/:b:/s/biblioteca/EQf6R0VNsX9CqanyN2fWLqIBslKFQu0p0bIfhhj2-w1Mqg?e=Q5PRft _zClick aqui para ver el recurso en texto completo |
||
| 942 |
_cTG _hENF 2019 _iC113 |
||
| 999 |
_c4025 _d4025 |
||